Number One Songs - Statistics

General Stats
  • This quiz has been taken 15 times
  • The average score is 2 of 11
Answer Stats
One Lyrics Answer % Correct
You say one love, one life, It's on need in the night U2
75%
Now the world is gone, I'm just one. Oh God help me Metallica
58%
Someday, baby you and I should be one, one Bee Gees
25%
One, oh one, The only way is one Creed
17%
One is the loneliest number that you'll ever do Three Dog Night
17%
We all need one, We all need somebody to hold us down Akon feat Fat Joe
8%
I'll never leave again, Cause you are the only one Ed Sheeran
8%
I know you feel me on that one, cuz Idris Elba
8%
I'm saying thank you to the one who let her get away Lewis Capaldi
8%
I'm not a robot but I feel like one Sky Ferreira
8%
Or better yet, stand there. Just do that Swedish House Mafia
8%
No matching quizzes found
Score Distribution
Percent of People with Each Score
Percentile by Number Answered
Your Score History
You have not taken this quiz